000 00914nam a22002777a 4500
001 00260
003 DO-SdBPM
005 20241209093913.0
008 151130b1987 sp ||| 00| 0 spa d
020 _a8420432121
040 _aDO-SdBPM
_bspa
_cBPMSU
082 4 _a823.91
_bD965p 1987
_222
100 1 _aDurrell, Gerald Malcolm,
_d1925-1995.
240 _aThe talking parcel
_lEspañol
245 1 0 _aEl paquete parlante /
_cGerald Durrel ; traducción de María Luisa Balseiro ; ilustraciones de Alicia Sancha.
250 _a5a ed.
260 _aMadrid :
_bEdiciones Alfaguara,
_c1987
300 _a230 p. ;
_bils. ;
_c21 cm.
490 0 _aJuvenil Alfaguara,
_v29
590 _aInventariado, 2024/VM
650 4 _aCuentos juveniles ingleses
700 1 _aBalseiro, María Luisa,
_etraductor
700 1 _aSancha, Alicia,
_eilustraciones
910 _aVMateo V. Control de calidad. BPMSU
942 _2ddc
_cBK
999 _c8956
_d8956